[Event "Open Semana Santa 2023"]
[Site "?"]
[Date "2023.04.09"]
[Round "7.43"]
[White "FM Cesar Maestre, Bernardo"]
[Black "Salvador Lopez, Daniel"]
[Result "1-0"]
[WhiteElo "2317"]
[BlackElo "2128"]
[PlyCount "57"]

1. e4 c6 2. d4 d5 3. Nc3 dxe4 4. Nxe4 Bf5 5. Ng3 Bg6 6. h4 h6 7. Nf3 Nd7 8. h5
Bh7 9. Bd3 Bxd3 10. Qxd3 e6 11. Bd2 Ngf6 12. O-O-O Bd6 13. Ne4 Nxe4 14. Qxe4
Nf6 15. Qe2 Qc7 16. Kb1 O-O-O 17. c4 Kb8 18. Bc3 Qe7 19. Ne5 Rc8 20. f4 Rhd8
21. g4 Nd7 22. Nd3 b5 23. c5 Bc7 24. Nb4 Bxf4 25. Qe4 Qg5 26. Nxc6+ Rxc6 27.
Qxc6 Bc7 28. Qxb5+ Ka8 29. d5 1-0

[Event "Open Semana Santa 2023"]
[Site "?"]
[Date "2023.04.09"]
[Round "7.44"]
[White "Galstyan, David"]
[Black "FM Neagu, Roberto Florin"]
[Result "1/2-1/2"]
[WhiteElo "2119"]
[BlackElo "2314"]
[Annotator "Usuario"]
[PlyCount "73"]

1. e4 c5 2. Nf3 Nc6 3. d4 cxd4 4. Nxd4 g6 5. c4 Bg7 6. Be3 Nf6 7. Nc3 Ng4 8.
Qxg4 Nxd4 9. Qd1 Ne6 10. Qd2 Qa5 11. Rc1 O-O 12. b3 b6 13. Be2 Bb7 14. f3 d6
15. O-O g5 16. Nd5 Bxd5 17. Qxa5 bxa5 18. cxd5 Bd4 19. Bxd4 Nxd4 20. Bc4 a6 21.
Rfd1 Nb5 22. Bxb5 axb5 23. Rc7 Rfc8 24. Rdc1 Rxc7 25. Rxc7 b4 26. Kf2 Kf8 27.
Ke3 Ke8 28. Kd4 Kd8 29. Rc6 a4 $11 30. Rc2 axb3 31. axb3 h5 32. g3 Kd7 33. Kc4
Rc8+ 34. Kd4 Ra8 35. Kc4 Rc8+ 36. Kd4 Ra8 37. Kc4 1/2-1/2

[Event "Open Semana Santa 2023"]
[Site "?"]
[Date "2023.04.09"]
[Round "7.45"]
[White "Gonzalez Castillo, Jose Javier"]
[Black "FM Luque Saiz, Andres"]
[Result "0-1"]
[WhiteElo "2107"]
[BlackElo "2309"]
[PlyCount "76"]

1. e4 e6 2. d4 d5 3. Nc3 Nf6 4. Bg5 h6 5. Bxf6 Qxf6 6. exd5 Bb4 7. dxe6 Bxe6 8.
Nf3 O-O 9. Be2 Nc6 10. O-O Rad8 11. Ne4 Qf4 12. Ng3 Nxd4 13. Nxd4 Rxd4 14. Bd3
Rdd8 15. a3 Bc5 16. Ne4 Bb6 17. Qc1 Qh4 18. a4 c6 19. a5 Bc7 20. Ng3 Rd5 21.
Re1 Rh5 22. Nxh5 Qxh2+ 23. Kf1 Qh1+ 24. Ke2 Bg4+ 25. Kd2 Qxh5 26. Ra4 Qg5+ 27.
Kc3 Bxa5+ 28. b4 Qf6+ 29. Kb3 Bb6 30. f3 Be6+ 31. c4 Bf2 32. Re2 Rd8 33. Kc2
Rxd3 34. Kxd3 Qd4+ 35. Kc2 Qxc4+ 36. Kd1 Qd4+ 37. Qd2 Bb3+ 38. Kc1 Bxa4 0-1

[Event "Open Semana Santa 2023"]
[Site "?"]
[Date "2023.04.09"]
[Round "7.46"]
[White "FM Mingarro Carceller, Sergi"]
[Black "Cano Mateos, Pablo"]
[Result "1-0"]
[WhiteElo "2308"]
[BlackElo "2112"]
[PlyCount "89"]

1. e4 e6 2. d4 d5 3. e5 c5 4. c3 Nc6 5. Nf3 Bd7 6. Be2 f6 7. O-O fxe5 8. Nxe5
Nf6 9. Re1 cxd4 10. cxd4 Bb4 11. Nc3 O-O 12. Bg5 Be7 13. Bf3 Nxe5 14. Rxe5 Qb6
15. Qd2 Bd6 16. Re2 Rac8 17. a3 Qb3 18. Re3 Qc4 19. Rae1 Kh8 20. Bd1 Qc7 21.
Rh3 e5 22. dxe5 Bxe5 23. Bxf6 Bxf6 24. Nxd5 Qc1 25. Rd3 Bb5 26. Bf3 Qxe1+ 27.
Qxe1 Bxd3 28. Nxf6 gxf6 29. h4 Rc7 30. Qe3 Bg6 31. Qxa7 Kg7 32. Qb6 Re7 33. h5
Be8 34. g4 Bf7 35. h6+ Kg6 36. Bxb7 Be6 37. Be4+ Kf7 38. Qc5 Bxg4 39. Bxh7 Re1+
40. Kg2 Rh8 41. Qc7+ Re7 42. Bg6+ Ke6 43. Qc4+ Ke5 44. Qxg4 Rxh6 45. Qe4+ 1-0

[Event "Open Semana Santa 2023"]
[Site "?"]
[Date "2023.04.09"]
[Round "7.47"]
[White "FM Garrido Diaz, Jose Antonio"]
[Black "Pons Morro, Mateo"]
[Result "1-0"]
[WhiteElo "2302"]
[BlackElo "2105"]
[PlyCount "45"]

1. e4 e5 2. Nf3 Nc6 3. Bc4 Bc5 4. c3 Nf6 5. d4 exd4 6. b4 Bb6 7. e5 d5 8. exf6
dxc4 9. Qe2+ Be6 10. b5 Na5 11. fxg7 Rg8 12. cxd4 Rxg7 13. Nc3 Qe7 14. O-O c6
15. Ne4 f6 16. Re1 Kd7 17. Ba3 Qxa3 18. Nxf6+ Kc7 19. Qxe6 Qxf3 20. Qe5+ Kc8
21. Qe8+ Bd8 22. Qe6+ Kb8 23. Nd7+ 1-0

[Event "Open Semana Santa 2023"]
[Site "?"]
[Date "2023.04.09"]
[Round "7.48"]
[White "Piqueras Guardiola, Francisco"]
[Black "FM Karthik Rajaa"]
[Result "1-0"]
[WhiteElo "2105"]
[BlackElo "2302"]
[PlyCount "129"]

1. d4 Nf6 2. Bf4 g6 3. e3 Bg7 4. Nf3 d6 5. h3 O-O 6. Be2 Nc6 7. c3 Nd7 8. O-O
e5 9. dxe5 dxe5 10. Bh2 Qe7 11. Nbd2 a5 12. Qc2 Nc5 13. Rad1 Be6 14. b3 Rfd8
15. Bc4 Bxc4 16. Nxc4 b5 17. Na3 b4 18. Nc4 bxc3 19. Qxc3 e4 20. Nd4 Nxd4 21.
exd4 Nd3 22. Ne5 Nxe5 23. Bxe5 Bxe5 24. dxe5 Rd3 25. Rxd3 exd3 26. Rd1 Rd8 27.
Qxa5 Qd7 28. Qc3 Qf5 29. Qxc7 Rc8 30. Qd6 Rc2 31. Qd8+ Kg7 32. Qd4 Qe6 33. Rxd3
Rxa2 34. Qd6 Ra6 35. Qxe6 Rxe6 36. f4 Rb6 37. Kf2 h5 38. g3 Kf8 39. Ke3 Ke7 40.
Kd4 Rb8 41. Kc5 h4 42. g4 Rc8+ 43. Kb5 Rc1 44. b4 Rf1 45. Kc6 Rxf4 46. b5 Rc4+
47. Kb7 Rc5 48. b6 Rxe5 49. Kc8 Rc5+ 50. Kb8 Ra5 51. b7 Ra1 52. g5 Ke6 53. Rd4
Kf5 54. Rc4 Kxg5 55. Kc8 Rb1 56. b8=Q Rxb8+ 57. Kxb8 Kf5 58. Rxh4 g5 59. Rh7
Kg6 60. Rh8 f5 61. Kc7 g4 62. Kd6 Kg7 63. Rh5 Kg6 64. hxg4 fxg4 65. Re5 1-0

[Event "Open Semana Santa 2023"]
[Site "?"]
[Date "2023.04.09"]
[Round "7.49"]
[White "IM Candela Perez, Jose"]
[Black "CM Luke Brezmes, Cristofer"]
[Result "1-0"]
[WhiteElo "2299"]
[BlackElo "2095"]
[PlyCount "103"]

1. d4 d6 2. Nf3 Nd7 3. c4 e5 4. Nc3 Ngf6 5. g3 c6 6. Qc2 exd4 7. Nxd4 Nb6 8. e4
d5 9. cxd5 cxd5 10. e5 Ne4 11. Bb5+ Bd7 12. Nxe4 dxe4 13. O-O a6 14. Bxd7+ Qxd7
15. Qxe4 Rd8 16. Be3 Qd5 17. Qxd5 Nxd5 18. Bg5 Ne7 19. Rfd1 h6 20. Bxe7 Bxe7
21. Nf5 Bf8 22. Rxd8+ Kxd8 23. Rd1+ Kc7 24. Kg2 g6 25. Ne3 Bg7 26. f4 Re8 27.
Rd6 Rd8 28. Nd5+ Kc8 29. Rxd8+ Kxd8 30. Kf3 Kd7 31. Ke4 Bf8 32. g4 Bg7 33. h4
a5 34. h5 gxh5 35. gxh5 Ke6 36. Ne3 b5 37. Nf5 Bf8 38. Nd4+ Kd7 39. Kd5 b4 40.
b3 Be7 41. Nc6 Bh4 42. Nxa5 Bg3 43. f5 Bf4 44. Nc4 Bg3 45. a4 bxa3 46. Nxa3 Be1
47. Nc2 Bh4 48. b4 Kc7 49. b5 Be7 50. Ne3 Kd7 51. f6 Bf8 52. Nc4 1-0

[Event "Open Semana Santa 2023"]
[Site "?"]
[Date "2023.04.09"]
[Round "7.50"]
[White "Centeno Mendoza, Julio Stefano"]
[Black "FM Escartin Lacasa, Jose"]
[Result "1-0"]
[WhiteElo "2088"]
[BlackElo "2298"]
[PlyCount "73"]

1. e4 c5 2. c3 Nf6 3. e5 Nd5 4. Bc4 Nb6 5. Bb3 c4 6. Bc2 d6 7. exd6 Qxd6 8. b3
Nc6 9. Qe2 Qe6 10. Na3 cxb3 11. axb3 a6 12. d4 Qxe2+ 13. Nxe2 e5 14. dxe5 Nxe5
15. O-O Bg4 16. Re1 O-O-O 17. Nd4 f6 18. h3 Bd7 19. Be4 Bd6 20. Be3 Bc7 21. c4
Kb8 22. Nac2 Rhe8 23. c5 Nc8 24. Nb4 a5 25. c6 Nd6 26. cxd7 Rxd7 27. Nbc6+ bxc6
28. Nxc6+ Kc8 29. Na7+ Kb8 30. Bc6 Nxc6 31. Nxc6+ Kc8 32. Nxa5 Nf5 33. Nc4 Kb7
34. Ra7+ Kb8 35. Rea1 Re4 36. R7a4 Nxe3 37. Rb4+ 1-0

[Event "Open Semana Santa 2023"]
[Site "?"]
[Date "2023.04.09"]
[Round "7.51"]
[White "Donate Moreno, Silvia"]
[Black "IM Garcia Martin, Marta"]
[Result "0-1"]
[WhiteElo "2077"]
[BlackElo "2291"]
[Annotator "Usuario"]
[PlyCount "74"]

1. e4 c5 2. Nf3 Nc6 3. d4 cxd4 4. Nxd4 Nf6 5. Nc3 d6 6. Bg5 Bd7 7. Qd2 a6 8. f4
e6 9. O-O-O Be7 10. Bxf6 Bxf6 11. Nf3 Be7 12. Kb1 b5 13. g4 O-O 14. Bd3 Qb6 15.
h4 Rac8 16. g5 Na5 17. h5 Nc4 18. Bxc4 Rxc4 19. e5 d5 20. Ne2 a5 21. Nfd4 Bb4
22. Qe3 Bc5 23. b3 Ba3 24. Ka1 Rc7 25. Qd3 $11 Rfc8 26. g6 fxg6 27. hxg6 h6 28.
Qe3 Be8 29. Rhg1 a4 30. Qh3 axb3 31. cxb3 Bd7 32. Qf3 Qa5 33. f5 Ra7 34. Kb1
Bb4 35. Nc1 Rxc1+ 36. Kxc1 Qxa2 37. Nc2 Rc7 0-1

[Event "Open Semana Santa 2023"]
[Site "?"]
[Date "2023.04.09"]
[Round "7.52"]
[White "IM Cruz, Filemon"]
[Black "Mateu Guiu, Esteve"]
[Result "1/2-1/2"]
[WhiteElo "2284"]
[BlackElo "2071"]
[Annotator "Usuario"]
[PlyCount "46"]

1. Nf3 Nf6 2. b3 b6 3. g3 Bb7 4. Bg2 e6 5. Bb2 Be7 6. O-O O-O 7. c4 d6 8. d4
Nbd7 9. Nc3 Ne4 10. Qc2 Nxc3 11. Bxc3 f5 $11 12. Ng5 Bxg2 13. Nxe6 Be4 14. Qd2
Qc8 15. d5 f4 16. Bxg7 Rf7 17. Bc3 Nc5 18. Nxf4 Bf5 19. f3 Bf6 20. e4 Bd7 21.
Bxf6 Rxf6 22. Nh5 Rg6 23. Nf4 Rf6 1/2-1/2

[Event "Open Semana Santa 2023"]
[Site "?"]
[Date "2023.04.09"]
[Round "7.53"]
[White "Dura Olmos, Gines Raul"]
[Black "Rey Martinez, Jaime"]
[Result "1-0"]
[WhiteElo "2044"]
[BlackElo "2283"]
[PlyCount "69"]

1. d4 d5 2. Nf3 Nf6 3. g3 e6 4. Bg2 b5 5. O-O Bb7 6. a4 b4 7. c4 bxc3 8. Nxc3
Nbd7 9. Bf4 a6 10. a5 c5 11. Na4 Nh5 12. Bg5 Be7 13. Bxe7 Qxe7 14. e4 dxe4 15.
Ne5 Nhf6 16. Nxd7 Nxd7 17. Nxc5 Nxc5 18. dxc5 O-O 19. Qc2 f5 20. Ra4 Bd5 21.
Rb4 Rac8 22. Rc1 Qg5 23. Qc3 h5 24. h4 Qh6 25. Rd1 g5 26. Rb6 Qh7 27. hxg5 h4
28. gxh4 f4 29. Bh3 Rf5 30. Rxd5 exd5 31. Rh6 Qg7 32. Qxg7+ Kxg7 33. Bxf5 Rxc5
34. Rg6+ Kf7 35. Rxa6 1-0

[Event "Open Semana Santa 2023"]
[Site "?"]
[Date "2023.04.09"]
[Round "7.54"]
[White "Olsen, Geir"]
[Black "Garcia Perez, Sergio"]
[Result "1-0"]
[WhiteElo "1565"]
[BlackElo "1288"]
[PlyCount "111"]

1. d4 Nf6 2. Nc3 d5 3. Bf4 c5 4. e3 a6 5. dxc5 Nc6 6. a3 e5 7. Bg5 Be6 8. b4
Be7 9. Nf3 O-O 10. Be2 a5 11. b5 e4 12. bxc6 exf3 13. Bxf3 bxc6 14. Na4 Nd7 15.
Bxe7 Qxe7 16. Qd4 Rfb8 17. Be2 Qf6 18. O-O Qxd4 19. exd4 Bf5 20. Rfc1 Re8 21.
Kf1 Re4 22. Bd3 Rf4 23. Bxf5 Rxf5 24. c4 Rb8 25. Rab1 Rxb1 26. Rxb1 Kf8 27. Rb7
Ke8 28. Nb6 Nxb6 29. cxb6 dxc4 30. Rc7 Rb5 31. Rxc6 g6 32. Ke2 Kd7 33. Rxc4
Rxb6 34. Ra4 Rb5 35. Kf3 h6 36. h4 Ke6 37. g4 f5 38. g5 hxg5 39. hxg5 Kd6 40.
Kg3 Ke6 41. Rc4 Kd5 42. Ra4 Ke6 43. f3 Kd5 44. Kf4 Kd6 45. Rc4 Rb3 46. Rc8 Rb6
47. Ra8 Kd5 48. Rxa5+ Kxd4 49. Ra8 Kd5 50. a4 Rb4+ 51. Kg3 Ke6 52. a5 Ra4 53.
a6 Kf7 54. f4 Ke7 55. a7 Kf7 56. Rh8 1-0

[Event "Open Semana Santa 2023"]
[Site "?"]
[Date "2023.04.09"]
[Round "7.55"]
[White "CM Melkevik, Johannes"]
[Black "Pousada Estevez, Daniel"]
[Result "1/2-1/2"]
[WhiteElo "1839"]
[BlackElo "1580"]
[PlyCount "92"]

1. d4 Nf6 2. Nf3 e6 3. g3 b6 4. Bg2 Bb7 5. O-O Be7 6. c4 O-O 7. Nc3 d5 8. Ne5
Nbd7 9. Qa4 Nxe5 10. dxe5 Ng4 11. cxd5 Nxe5 12. dxe6 Bxg2 13. exf7+ Rxf7 14.
Kxg2 Qf8 15. Bf4 Ng6 16. e3 Nxf4+ 17. exf4 Bf6 18. Rad1 Bxc3 19. bxc3 c5 20.
Rd2 Rd8 21. Rfd1 Rxd2 22. Rxd2 Qa8+ 23. f3 Re7 24. Kf2 Qc8 25. Qc4+ Kf8 26. g4
Rd7 27. Re2 Qd8 28. Qe4 h6 29. Qf5+ Kg8 30. Qe6+ Kf8 31. Kg3 Re7 32. Qxe7+ Qxe7
33. Rxe7 Kxe7 34. Kf2 Ke6 35. Ke3 Kd5 36. f5 b5 37. f4 a5 38. g5 hxg5 39. fxg5
Ke5 40. f6 gxf6 41. gxf6 Kxf6 42. Ke4 b4 43. cxb4 cxb4 44. Kd3 a4 45. Kc4 b3
46. axb3 axb3 1/2-1/2

[Event "Open Semana Santa 2023"]
[Site "?"]
[Date "2023.04.09"]
[Round "7.56"]
[White "FM Villuendas Valero, Adrian"]
[Black "Vinuesa Sorli, Ruben"]
[Result "1/2-1/2"]
[WhiteElo "2262"]
[BlackElo "2003"]
[PlyCount "160"]

1. d4 Nf6 2. Bg5 d5 3. Nd2 c5 4. dxc5 Nc6 5. Ngf3 Qa5 6. c3 Qxc5 7. e3 Qd6 8.
Qb3 Nd7 9. e4 e6 10. exd5 Nc5 11. Qc2 exd5 12. O-O-O Be6 13. Nb3 Ne4 14. Bd3
Nxg5 15. Nxg5 Qf4+ 16. Qd2 Bd6 17. g3 Qxd2+ 18. Rxd2 h6 19. Nf3 O-O 20. Nbd4
Rfe8 21. Bf5 Nxd4 22. Nxd4 Bc5 23. Bc2 Rad8 24. Ba4 Re7 25. Re1 Rc8 26. Bb3 a6
27. f4 g6 28. Re5 Rd8 29. Nc2 Red7 30. Nd4 Re7 31. h4 h5 32. Nf3 Bg4 33. Rxe7
Bxe7 34. Ng5 Be6 35. Re2 Bxg5 36. fxg5 Kf8 37. Kd2 Ke7 38. Ke3 Kd6 39. Kd4 b5
40. Re5 Kc6 41. Bd1 Kd6 42. Bf3 Rc8 43. Bxd5 Rc5 44. Bxe6 Rxe5 45. Bxf7 Rf5 46.
Bxg6 Rf3 47. Bxh5 Rxg3 48. Be2 Rg2 49. Ke3 Ke5 50. b4 Kf5 51. c4 bxc4 52. Bxc4
Rb2 53. a3 Rh2 54. Bd3+ Ke5 55. g6 Rxh4 56. g7 Rg4 57. Bxa6 Rxg7 58. a4 Rg3+
59. Kd2 Kd5 60. Kc2 Kd4 61. a5 Rg8 62. Kb3 Rb8 63. Bf1 Kd5 64. Bg2+ Kd6 65. Kc4
Kc7 66. Kc5 Rg8 67. Bd5 Rg1 68. Be4 Rg4 69. Bd5 Rg1 70. b5 Kb8 71. Be4 Rg4 72.
Bc6 Rg1 73. Kb6 Rg5 74. a6 Rg7 75. Bd5 Rg6+ 76. Bc6 Rg7 77. Be4 Re7 78. Bd5 Rg7
79. Ka5 Rg5 80. Bc6 Ka7 1/2-1/2

[Event "Open Semana Santa 2023"]
[Site "?"]
[Date "2023.04.09"]
[Round "7.57"]
[White "Munoz Avila, Jose Luis"]
[Black "Martinez Villena, David"]
[Result "1-0"]
[WhiteElo "2237"]
[BlackElo "1958"]
[PlyCount "123"]

1. d4 e6 2. c4 Nf6 3. g3 d5 4. Bg2 dxc4 5. Nf3 c5 6. Qa4+ Bd7 7. Qxc4 b5 8. Qc2
Na6 9. O-O Rc8 10. dxc5 Bxc5 11. Qb3 Qb6 12. Nc3 O-O 13. Ne5 Rfd8 14. Nxd7 Rxd7
15. Bf4 Nb4 16. a4 a6 17. axb5 axb5 18. Bf3 Nfd5 19. Nxd5 Nxd5 20. Bd2 h6 21.
Ba5 Qb8 22. Rfd1 Nf6 23. Bc3 Rxd1+ 24. Rxd1 b4 25. Be1 Rd8 26. Rc1 Qb6 27. e3
Nd5 28. Qc4 Be7 29. Kg2 Bf6 30. Qb3 Be7 31. Rd1 Nf6 32. Rxd8+ Qxd8 33. Qc4 Qb8
34. Bc6 Qb6 35. Kf3 Qa5 36. Kg2 Qb6 37. Qb5 Qc7 38. h3 Qd6 39. Bf3 Bf8 40. Qc4
Qb8 41. Kf1 Be7 42. Ke2 Nd7 43. Qc6 Nf6 44. Qa8 Qxa8 45. Bxa8 h5 46. Bc6 Kf8
47. Kd3 Nh7 48. Kc4 h4 49. gxh4 Bxh4 50. Bxb4+ Kg8 51. Be1 Ng5 52. Bg2 f5 53.
b4 Nf7 54. b5 Ne5+ 55. Kb3 Kf7 56. b6 Nd7 57. b7 Ke7 58. Kc4 Kd6 59. Kb5 Kc7
60. Ba5+ Kb8 61. f4 Be7 62. Kc6 1-0

[Event "Open Semana Santa 2023"]
[Site "?"]
[Date "2023.04.09"]
[Round "7.58"]
[White "FM Lozano Ramirez, Nestor Favian"]
[Black "Fuentes Guinot, Angel"]
[Result "1-0"]
[WhiteElo "2235"]
[BlackElo "1941"]
[PlyCount "95"]

1. c4 b6 2. Nc3 Bb7 3. e4 Nf6 4. d3 d6 5. g3 g6 6. Bg2 Bg7 7. Nge2 O-O 8. O-O
e5 9. h3 Nc6 10. Be3 Nh5 11. g4 Nf6 12. f4 exf4 13. Bxf4 Qd7 14. Qd2 Rfe8 15.
Bg5 Nxg4 16. hxg4 Qxg4 17. Nd5 Nd4 18. Nxd4 Bxd5 19. Nb5 Bc6 20. Bf6 Bxf6 21.
Rxf6 Bxb5 22. cxb5 Re5 23. a4 a6 24. Raf1 Re7 25. Qf2 Rf8 26. bxa6 Qc8 27. e5
dxe5 28. a7 e4 29. Bxe4 c6 30. Qxb6 Qg4+ 31. Bg2 Qxa4 32. Bxc6 Qxa7 33. Qxa7
Rxa7 34. b4 Ra3 35. d4 Rg3+ 36. Kf2 Rg4 37. Ke3 Rd8 38. R1f4 Rg3+ 39. Rf3 Rxf3+
40. Rxf3 f5 41. b5 Rb8 42. Kf4 Kf7 43. Ke5 Ke7 44. Ra3 f4 45. Ra7+ Kf8 46. Kxf4
g5+ 47. Kxg5 h5 48. Kxh5 1-0

[Event "Open Semana Santa 2023"]
[Site "?"]
[Date "2023.04.09"]
[Round "7.59"]
[White "Suarez Hernan, Santiago"]
[Black "IM Kovacevic,Slobodan"]
[Result "0-1"]
[WhiteElo "1917"]
[BlackElo "2226"]
[PlyCount "78"]

1. d4 Nf6 2. c4 e6 3. Nc3 c5 4. d5 exd5 5. cxd5 d6 6. e4 g6 7. f4 Bg7 8. Bb5+
Nfd7 9. a4 O-O 10. Nf3 Na6 11. O-O Nc7 12. Bd3 a6 13. Qe1 Rb8 14. Qg3 b5 15. f5
Ne5 16. Nxe5 Bxe5 17. Bf4 c4 18. Bxe5 dxe5 19. Be2 Qd6 20. axb5 axb5 21. Nd1
Ne8 22. Ne3 Nf6 23. Qh4 Qb6 24. Rf3 gxf5 25. Qg3+ Kh8 26. exf5 Re8 27. Kh1 Bb7
28. Qh4 Rg8 29. Rh3 Rg7 30. Rf1 Rd8 31. Qh6 Rd6 32. Rhf3 Ng4 33. Qh4 Nxe3 34.
f6 Rg6 35. Rh3 h6 36. Qxh6+ Rxh6 37. Rxh6+ Kg8 38. Rf3 Ng4 39. Rg3 Rxf6 0-1

[Event "Open Semana Santa 2023"]
[Site "?"]
[Date "2023.04.09"]
[Round "7.60"]
[White "WFM Prado Acebo, Ines"]
[Black "Correas Gonzalez, Jose Ramon"]
[Result "1-0"]
[WhiteElo "2226"]
[BlackElo "1942"]
[PlyCount "57"]

1. d4 Nf6 2. c4 g6 3. Nc3 Bg7 4. e4 d6 5. h3 Nbd7 6. Nf3 O-O 7. Bg5 h6 8. Be3
e5 9. d5 a5 10. Be2 Nh5 11. g3 Nc5 12. Qd2 Kh7 13. O-O-O b6 14. Nh2 Nf6 15. f3
Nh5 16. Rdg1 f5 17. exf5 gxf5 18. f4 exf4 19. Bxc5 Nxg3 20. Bd4 Be5 21. Nf3 Qf6
22. Rh2 Bb7 23. Bd1 Rg8 24. Bc2 Rg7 25. Kb1 Rf8 26. Rhg2 Rfg8 27. Qxf4 Re8 28.
Rxg3 Rxg3 29. Qxg3 1-0

[Event "Open Semana Santa 2023"]
[Site "?"]
[Date "2023.04.09"]
[Round "7.61"]
[White "FM Martin Barcelo, Carles"]
[Black "Arce Gonzalez, Dario"]
[Result "1-0"]
[WhiteElo "2222"]
[BlackElo "1908"]
[Annotator "Usuario"]
[PlyCount "135"]

1. e4 e5 2. Nf3 Nc6 3. Bb5 g6 4. d4 exd4 5. Bg5 Be7 6. Bxe7 Qxe7 7. Bxc6 dxc6
8. Qxd4 Nf6 9. Nc3 Bg4 10. O-O-O c5 11. Qe3 c6 12. e5 Nd7 13. Ne4 O-O-O 14.
Nd6+ Kb8 15. Qb3 Nb6 16. Qxf7 Qxf7 17. Nxf7 Rxd1+ 18. Rxd1 Rf8 19. N7g5 h6 20.
h3 Bh5 21. Ne6 Re8 22. Ng7 Bxf3 23. Nxe8 Bxd1 24. Kxd1 Nc4 25. e6 Kc8 26. b3
Kd8 27. Nf6 Nd6 28. Nd7 c4 29. Ne5 cxb3 30. cxb3 g5 31. Ng6 Ne4 $11 32. Ke2
Nc3+ 33. Ke3 Nxa2 34. g3 Nb4 35. Ke4 a5 36. f4 gxf4 37. gxf4 b5 38. f5 Nd5 39.
Ke5 a4 40. bxa4 bxa4 41. f6 Nxf6 42. Kxf6 Ke8 43. Nh4 a3 44. Nf5 a2 45. Ng7+
Kd8 46. e7+ Kc7 47. e8=Q a1=Q+ 48. Qe5+ Qxe5+ 49. Kxe5 Kd7 50. Nf5 c5 51. Nxh6
Ke7 52. Ng4 Kf7 53. Kd5 Kg6 54. Kxc5 Kh5 55. Kd4 Kh4 56. Nf2 Kh5 57. Ke4 Kh6
58. Kf4 Kg6 59. Kg4 Kh6 60. h4 Kg6 61. h5+ Kh6 62. Kh4 Kh7 63. Kg5 Kg7 64. Ng4
Kh7 65. Ne5 Kg7 66. h6+ Kh7 67. Kh5 Kh8 68. Kg6 1-0

[Event "Open Semana Santa 2023"]
[Site "?"]
[Date "2023.04.09"]
[Round "7.62"]
[White "Lacomba Piqueras, Andres"]
[Black "FM Fernandez Siles, Luis"]
[Result "0-1"]
[WhiteElo "1807"]
[BlackElo "2222"]
[PlyCount "78"]

1. Nf3 Nf6 2. g3 d6 3. Bg2 e5 4. c4 c6 5. d3 Nbd7 6. Nc3 Be7 7. O-O O-O 8. Qc2
Re8 9. b4 d5 10. cxd5 Nxd5 11. Nxd5 cxd5 12. a3 Bf6 13. Bb2 Nb6 14. Rac1 Bd7
15. Qb1 h5 16. Qa1 Qe7 17. Nd2 h4 18. Rc2 h3 19. Bh1 Bc6 20. Nb3 Ba4 21. Qa2
Qd6 22. Rc5 Rad8 23. Na5 Re7 24. Bc1 Red7 25. Bd2 Qe6 26. Rfc1 Na8 27. Nxb7
Rxb7 28. Bxd5 Qd7 29. Bxb7 Qxb7 30. f3 e4 31. Rf5 exf3 32. Bg5 fxe2 33. Kf2
Bd4+ 34. Be3 Bxe3+ 35. Kxe3 Re8+ 36. Kd2 e1=Q+ 37. Rxe1 Qg2+ 38. Kc3 Qxa2 39.
Rxe8+ Bxe8 0-1

[Event "Open Semana Santa 2023"]
[Site "?"]
[Date "2023.04.09"]
[Round "7.63"]
[White "WIM Sharma Isha"]
[Black "Advaitt Srikant Koduri"]
[Result "1-0"]
[WhiteElo "2216"]
[BlackElo "1630"]
[Annotator "Usuario"]
[PlyCount "87"]

1. e4 c5 2. Nf3 d6 3. d4 cxd4 4. Nxd4 Nf6 5. Nc3 g6 6. g3 Bg7 7. Bg2 O-O 8. O-O
Nc6 9. Nde2 Bd7 10. h3 Rc8 11. Be3 a6 12. a4 Na5 13. b3 Qc7 14. Qd2 Rfd8 15. g4
e6 16. Rad1 Ne8 $11 17. Bg5 f6 18. Bf4 Bf8 19. g5 f5 20. exf5 gxf5 21. g6 hxg6
22. Bg5 Nc6 23. Nd5 exd5 24. Bxd5+ Kh7 25. Qf4 Ng7 26. Qh4+ Nh5 27. Nf4 Be8 28.
Ne6 Qa5 29. Nxf8+ Kg7 30. Ne6+ Kh7 31. Bxd8 Nxd8 32. Qe7+ Nf7 33. Ng5+ Kh6 34.
Nxf7+ Bxf7 35. Bxf7 Rc7 36. Qf8+ Kg5 37. Qd8+ Kh6 38. Rxd6 Nf4 39. Qh8+ Kg5 40.
Kh2 Rxc2 41. Rg1+ Ng2 42. Rxg2+ Kf4 43. Qd4+ Kf3 44. Qe3# 1-0

[Event "Open Semana Santa 2023"]
[Site "?"]
[Date "2023.04.09"]
[Round "7.64"]
[White "Kiryttopoulos, Ioannis"]
[Black "FM Carnicelli, Valerio"]
[Result "0-1"]
[WhiteElo "1620"]
[BlackElo "2370"]
[PlyCount "52"]

1. e4 c5 2. Nf3 Nc6 3. d4 cxd4 4. Nxd4 e6 5. Nc3 Qc7 6. Be3 a6 7. Qd2 Nf6 8. f3
Be7 9. g4 b5 10. Nxc6 dxc6 11. O-O-O O-O 12. Be2 e5 13. h4 Be6 14. h5 Rfd8 15.
Qe1 Rxd1+ 16. Qxd1 h6 17. Qg1 Nh7 18. Kb1 Bg5 19. Bxg5 Nxg5 20. Qc5 Rd8 21. Rd1
Rxd1+ 22. Bxd1 Kh7 23. Be2 f6 24. b4 Bf7 25. a3 Ne6 26. Nd5 cxd5 0-1

[Event "Open Semana Santa 2023"]
[Site "?"]
[Date "2023.04.09"]
[Round "7.65"]
[White "IM Camacho Collados, Jose"]
[Black "Andries, Alf"]
[Result "1/2-1/2"]
[WhiteElo "2400"]
[BlackElo "2067"]
[Annotator "Usuario"]
[PlyCount "119"]

1. e4 c5 2. Nf3 Nc6 3. Bc4 d6 4. O-O e6 5. Re1 Nf6 6. Bb5 Bd7 7. c3 a6 8. Bf1
Be7 9. d4 cxd4 10. cxd4 O-O 11. Nc3 b5 12. e5 Nd5 13. Ne4 dxe5 14. dxe5 h6 15.
Bd3 Qc7 16. Bb1 Kh8 17. a3 Nxe5 18. Nxe5 Qxe5 19. Nc5 Qc7 20. Qc2 Nf6 21. b4
Bxc5 22. bxc5 e5 23. Bb2 Rfe8 24. Ba2 Re7 25. Rac1 Bc6 26. Bb1 Rae8 $11 27.
Rcd1 Rd7 28. Rxd7 Bxd7 29. h3 Bc6 30. Qc3 Qe7 31. Rxe5 Qxe5 32. Qxe5 Rxe5 33.
Bxe5 Ne4 34. Ba2 Kg8 35. Bd4 Nd2 36. Bc3 Nc4 37. a4 f6 38. f4 Kf7 39. f5 Ke7
40. Kf2 Be4 41. g4 Kd7 42. axb5 axb5 43. Bb3 Kc6 44. Bb4 Ne5 45. Ba3 Nd7 46.
Bf7 Nxc5 47. Ke3 Bg2 48. h4 Bh3 49. Kf4 Bf1 50. Ke3 Bh3 51. Kd4 Nd7 52. Be8
Bxg4 53. Bf8 Bxf5 54. Bxg7 Kd6 55. Bxh6 Ne5 56. h5 Ke7 57. Bxb5 Bg4 58. Bf4
Bxh5 59. Bxe5 fxe5+ 60. Kxe5 1/2-1/2

[Event "Open Semana Santa 2023"]
[Site "?"]
[Date "2023.04.09"]
[Round "7.66"]
[White "IM Cruz Lledo, Pablo"]
[Black "Exposito Milan, Adrian"]
[Result "1-0"]
[WhiteElo "2395"]
[BlackElo "2053"]
[PlyCount "129"]

1. d4 d5 2. c4 e6 3. Nc3 Nf6 4. cxd5 exd5 5. Bf4 c6 6. e3 Bf5 7. f3 Be7 8. g4
Bg6 9. h4 h6 10. h5 Bh7 11. Bd3 Nbd7 12. Nge2 Nf8 13. Ng3 Ne6 14. Be5 Bd6 15.
Bxh7 Nxh7 16. Nf5 Bxe5 17. dxe5 O-O 18. f4 f6 19. exf6 Nxf6 20. Qf3 Nc5 21.
O-O-O Nfe4 22. Nxe4 Nxe4 23. Kb1 Qf6 24. Rh2 a5 25. Nd4 Rae8 26. Rc2 Rf7 27.
Qg2 Nd6 28. Qd2 Nc4 29. Rxc4 dxc4 30. Nf5 Rff8 31. Qxa5 Rd8 32. Rg1 b5 33. e4
Qe6 34. e5 Qd7 35. Qc3 Qd2 36. e6 Qxc3 37. bxc3 Rfe8 38. Re1 Rd2 39. Nd4 Rg2
40. Nxc6 Rxg4 41. f5 Rf4 42. Re5 Rf1+ 43. Kb2 Rc8 44. Nb4 Rf2+ 45. Kc1 Rf8 46.
Nd5 Ra8 47. Nb4 Rf8 48. Nc6 Ra8 49. e7 Kf7 50. a3 Re8 51. Rxb5 Kf6 52. a4 Rxf5
53. Kd2 Rxb5 54. axb5 Ke6 55. Ke3 Kd5 56. Kf4 Kc5 57. Ke5 Kxb5 58. Kd6 Kb6 59.
Ne5 Ra8 60. Nxc4+ Kb5 61. Ne5 Ra6+ 62. Kd5 Ra8 63. c4+ Kb6 64. Kd6 Kb7 65. Kd7
1-0

[Event "Open Semana Santa 2023"]
[Site "?"]
[Date "2023.04.09"]
[Round "7.67"]
[White "Pham Guerrero, Sergi"]
[Black "FM Carbonell Sancho, Marc"]
[Result "0-1"]
[WhiteElo "2069"]
[BlackElo "2346"]
[Annotator "Usuario"]
[PlyCount "132"]

1. e4 c5 2. Nc3 Nc6 3. f4 g6 4. Nf3 Bg7 5. a4 e6 6. e5 d6 7. Bb5 Nge7 8. Ne4
dxe5 9. fxe5 O-O 10. Nf6+ Kh8 11. O-O Nxe5 12. Ne4 a6 13. Be2 Nxf3+ 14. Bxf3 f5
15. Nc3 e5 16. d3 Qc7 17. Qe1 Be6 18. Be3 c4 19. a5 cxd3 20. cxd3 Nc6 21. Na4
Qf7 22. Bb6 Bd5 23. Rc1 Rac8 24. Bxd5 Qxd5 25. Bc5 Qxd3 26. Rd1 Qb5 27. Bxf8
Rxf8 28. Nc3 Qxa5 29. Rd7 Qb6+ 30. Kh1 e4 31. Nxe4 Qxb2 32. Ng5 Qf6 33. Qd2 h6
34. Ne4 Qe6 35. Nc5 Qc4 36. Rc1 Qh4 37. g3 Qf6 38. Nxb7 Ne5 39. Rd8 Kh7 40.
Rxf8 Qxf8 41. Qd6 $11 Qe8 42. Qd8 Qb5 43. Nc5 Qb2 44. Qd1 Ng4 45. Qc2 Qa3 46.
Nd3 Qxd3 47. Qxd3 Nf2+ 48. Kg2 Nxd3 49. Rc6 Nb4 50. Rb6 Bf8 51. Rb7+ Kg8 52.
Ra7 Bc5 53. Rc7 Bd6 54. Ra7 Kf8 55. Kf3 Be7 56. g4 Kf7 57. gxf5 gxf5 58. Rb7
Ke6 59. h3 a5 60. Ra7 Nc6 61. Ra8 Bd6 62. Rh8 a4 63. Rxh6+ Kd5 64. Rh8 Bb8 65.
Rg8 a3 66. h4 a2 0-1